[Event "Ankara Baskent Univ op 8th"]
[Site "Ankara"]
[Date "2025.07.05"]
[Round "7"]
[White "Rostami, Hossein"]
[Black "Rasulov, Vugar Ural Oglu"]
[Result "1/2-1/2"]
[WhiteElo "2148"]
[BlackElo "2489"]
[PlyCount "32"]
[EventDate "2025.07.01"]
[EventType "swiss"]
[EventRounds "9"]
[EventCountry "TUR"]
[SourceTitle "CB28_2025"]
[SourceDate "2025.07.09"]
[SourceVersion "1"]
[SourceVersionDate "2025.07.09"]
[SourceQuality "1"]

1. e4 c5 2. Nc3 e6 3. Nge2 Nc6 4. g3 d5 5. exd5 exd5 6. d4 Nf6 7. Bg2 cxd4 8. Nxd4 Bg4 9. Qd3 Bc5 10. Nxc6 bxc6 11. 0-0 0-0 12. Na4 Bb6 13. Re1 Bh5 14. Nxb6 Bg6 15. Qc3 axb6 16. Bg5 h6 1/2-1/2

[Event "Cesme op-A 11th"]
[Site "Izmir"]
[Date "2025.06.25"]
[Round "4"]
[White "Rasulov, Vugar Ural Oglu"]
[Black "Golshaani, Taha"]
[Result "1-0"]
[WhiteElo "2483"]
[BlackElo "2142"]
[PlyCount "85"]
[EventDate "2025.06.23"]
[EventType "swiss"]
[EventRounds "9"]
[EventCountry "TUR"]
[SourceTitle "CB27_2025"]
[SourceDate "2025.07.02"]
[SourceVersion "1"]
[SourceVersionDate "2025.07.02"]
[SourceQuality "1"]

1. e4 g6 2. c4 Nf6 3. Nf3 Bg7 4. Nc3 e5 5. Nxe5 0-0 6. Nf3 Re8 7. Bd3 d5 8. cxd5 Nxd5 9. 0-0 Nb6 10. Bb5 c6 11. Be2 Bg4 12. d3 Na6 13. Be3 Bxf3 14. Bxf3 Bd4 15. a4 Nc5 16. a5 Nc8 17. Be2 Ne7 18. Qc2 Qd6 19. Rac1 Ne6 20. Bg4 f5 21. exf5 gxf5 22. Bh3 Kh8 23. Ne2 Bg7 24. Qc4 Rf8 25. Nf4 Nxf4 26. Bxf4 Qg6 27. Bd2 Rf7 28. Rfe1 a6 29. g3 Nd5 30. Bg2 Rd8 31. Bxd5 Rxd5 32. Re8+ Rf8 33. Rxf8+ Bxf8 34. Re1 h6 35. Bb4 Bg7 36. Bc3 Qd6 37. Re8+ Kh7 38. Bxg7 Kxg7 39. Qc3+ Rd4 40. Qb3 Rxd3 41. Qxb7+ Kf6 42. Qh7 Rd1+ 43. Kg2 1-0

[Event "Cesme op-A 11th"]
[Site "Izmir"]
[Date "2025.06.24"]
[Round "3"]
[White "Rasulov, Vugar Ural Oglu"]
[Black "Avsar, Gediz"]
[Result "1/2-1/2"]
[WhiteElo "2483"]
[BlackElo "2156"]
[PlyCount "88"]
[EventDate "2025.06.23"]
[EventType "swiss"]
[EventRounds "9"]
[EventCountry "TUR"]
[SourceTitle "CB27_2025"]
[SourceDate "2025.07.02"]
[SourceVersion "1"]
[SourceVersionDate "2025.07.02"]
[SourceQuality "1"]

1. d4 Nf6 2. g3 e6 3. Bg2 c5 4. Nf3 cxd4 5. 0-0 d5 6. Nxd4 e5 7. Nf3 Nc6 8. c4 d4 9. e3 Be7 10. exd4 exd4 11. Bf4 0-0 12. Re1 Be6 13. Ne5 Qb6 14. Nd2 Rad8 15. Qb3 Qa6 16. Rad1 Nh5 17. Bxc6 bxc6 18. Qf3 Nxf4 19. gxf4 Bf6 20. Nxc6 Rc8 21. Nb4 Qa5 22. a3 Bxc4 23. f5 Qd8 24. Rc1 Bg5 25. Rxc4 Bxd2 26. Rxc8 Qg5+ 27. Qg3 Qxg3+ 28. hxg3 Rxc8 29. Re4 Bxb4 30. axb4 Rd8 31. Kf1 h5 32. Ke2 Rd5 33. Rf4 d3+ 34. Kd2 Kh7 35. Rf3 Kh6 36. Rxd3 Rxf5 37. Ke3 Rb5 38. Rd4 g5 39. b3 Kg6 40. Rc4 f6 41. Kf3 Rb7 42. Kg2 Rb5 43. Kf3 Rb7 44. Kg2 Rb5 1/2-1/2

[Event "Namangan op"]
[Site "Namangan"]
[Date "2025.06.04"]
[Round "9"]
[White "Abdurakhmanov, Mukhmmadali"]
[Black "Rasulov, Vugar Ural Oglu"]
[Result "0-1"]
[WhiteElo "2368"]
[BlackElo "2485"]
[PlyCount "70"]
[EventDate "2025.05.29"]
[EventType "swiss"]
[EventRounds "9"]
[EventCountry "UZB"]
[SourceTitle "CB23_2025"]
[SourceDate "2025.06.04"]
[SourceVersion "1"]
[SourceVersionDate "2025.06.04"]
[SourceQuality "1"]

1. d4 d5 2. c4 e6 3. cxd5 exd5 4. Nc3 c6 5. Nf3 Nf6 6. Bg5 Be7 7. e3 Bf5 8. Be2 Nbd7 9. 0-0 h6 10. Bh4 0-0 11. Nd2 Re8 12. a3 Bd6 13. Bg3 Bxg3 14. hxg3 Nb6 15. b4 Nc8 16. a4 Nd6 17. b5 Rc8 18. Rc1 Re7 19. Qb3 Rec7 20. b6 axb6 21. Qxb6 h5 22. a5 g6 23. Na4 Kg7 24. Nc5 Qe7 25. a6 bxa6 26. Bxa6 Rh8 27. Nf3 Ng4 28. Nd3 h4 29. gxh4 Be4 30. Nde5 Nf5 31. Ng5 Nxe5 32. dxe5 Bxg2 33. e6 Qxg5 34. hxg5 Bf3 35. Qb2+ d4 0-1

[Event "Namangan op"]
[Site "Namangan"]
[Date "2025.06.01"]
[Round "6"]
[White "Omonov, Asrorjon"]
[Black "Rasulov, Vugar Ural Oglu"]
[Result "1-0"]
[WhiteElo "2387"]
[BlackElo "2485"]
[PlyCount "81"]
[EventDate "2025.05.29"]
[EventType "swiss"]
[EventRounds "9"]
[EventCountry "UZB"]
[SourceTitle "CB23_2025"]
[SourceDate "2025.06.04"]
[SourceVersion "1"]
[SourceVersionDate "2025.06.04"]
[SourceQuality "1"]

1. d4 d6 2. Nf3 Nf6 3. c4 g6 4. Nc3 Bf5 5. Qb3 b6 6. g3 Bg7 7. Bg2 Nc6 8. d5 Na5 9. Qd1 Qd7 10. h3 Qc8 11. c5 dxc5 12. e4 Bd7 13. e5 Ng8 14. 0-0 Nh6 15. g4 0-0 16. Bf4 c6 17. Qc1 Nxg4 18. hxg4 Bxg4 19. Bg3 h6 20. Re1 Kh7 21. Qf4 cxd5 22. Nxd5 Nc6 23. b4 Be6 24. Rad1 Bxd5 25. Rxd5 Nxb4 26. Rd2 e6 27. Qh4 Kg8 28. Nh2 h5 29. Bxa8 Qxa8 30. Nf1 b5 31. Qe7 Bh6 32. Ne3 Bxe3 33. fxe3 Qf3 34. Qg5 c4 35. Rf1 Qg4 36. Qxg4 hxg4 37. Bh4 Rc8 38. Bf6 Kf8 39. Rd7 c3 40. Kg2 Nd5 41. Bg5 1-0

[Event "Namangan op"]
[Site "Namangan"]
[Date "2025.06.01"]
[Round "5"]
[White "Rasulov, Vugar Ural Oglu"]
[Black "Sharipov, Davron"]
[Result "0-1"]
[WhiteElo "2485"]
[BlackElo "2269"]
[PlyCount "132"]
[EventDate "2025.05.29"]
[EventType "swiss"]
[EventRounds "9"]
[EventCountry "UZB"]
[SourceTitle "CB23_2025"]
[SourceDate "2025.06.04"]
[SourceVersion "1"]
[SourceVersionDate "2025.06.04"]
[SourceQuality "1"]

1. e4 c5 2. Nf3 d6 3. c3 Nf6 4. Bd3 e6 5. 0-0 Be7 6. Bc2 Nc6 7. Re1 0-0 8. d4 b6 9. Nbd2 cxd4 10. cxd4 e5 11. d5 Nb4 12. Bb1 a5 13. Nf1 Bd7 14. Ng3 Qc7 15. Bd2 Rfc8 16. Re3 Bf8 17. h3 g6 18. Nh2 Bg7 19. Rf3 h5 20. Re3 h4 21. Ne2 Nh5 22. Rc3 Qd8 23. Nf3 Nf4 24. Nxf4 exf4 25. a3 Rxc3 26. bxc3 Na6 27. Bxf4 Bxc3 28. Ra2 Qe7 29. Re2 Nc5 30. e5 dxe5 31. Qc1 Bb5 32. Re3 Qd6 33. Bh2 Na4 34. Nxe5 Bd4 35. Re1 Re8 36. Nc6 Bxf2+ 37. Kxf2 Rxe1 38. Qxe1 Qxh2 39. Qe3 Nb2 40. Ne7+ Kf8 41. Nxg6+ fxg6 42. Qh6+ Ke7 43. Qxh4+ Kd7 44. Qd4 Nc4 45. a4 Ba6 46. Bd3 Qc7 47. Bxg6 Qc5 48. Qxc5 bxc5 49. Bd3 Kd6 50. h4 Kxd5 51. h5 Bc8 52. Kg3 Ne5 53. Bc2 Ke6 54. Kf4 Kf6 55. h6 Ng6+ 56. Ke3 Bf5 57. Bd1 Kg5 58. g4 Be6 59. h7 Kh6 60. g5+ Kxh7 61. Ke4 Kg7 62. Be2 Kf7 63. Bh5 Bb3 64. Be2 Bc2+ 65. Bd3 Bxd3+ 66. Kxd3 Ne5+ 0-1

[Event "Chess.com Classic Play In"]
[Site "Chess.com INT"]
[Date "2025.05.19"]
[Round "6"]
[White "Kantor, Gergely"]
[Black "Rasulov, Vugar Ural Oglu"]
[Result "0-1"]
[WhiteElo "2581"]
[BlackElo "2485"]
[PlyCount "78"]
[EventDate "2025.05.19"]
[EventType "swiss (blitz)"]
[EventRounds "9"]
[EventCountry "USA"]
[SourceTitle "CB21_2025"]
[SourceDate "2025.05.21"]
[SourceVersion "1"]
[SourceVersionDate "2025.05.21"]
[SourceQuality "1"]

1. e4 e5 2. Nf3 Nc6 3. Bc4 Nf6 4. d3 Be7 5. 0-0 0-0 6. Re1 d6 7. c3 Na5 8. Bb5 a6 9. Ba4 b5 10. Bc2 c5 11. h3 Nc6 12. d4 cxd4 13. cxd4 exd4 14. Nxd4 Nxd4 15. Qxd4 Be6 16. Nc3 Rc8 17. Bb3 Nd7 18. Nd5 Nc5 19. Bd1 Bg5 20. Bg4 Re8 21. b3 Bxc1 22. Raxc1 h5 23. Bxh5 Qg5 24. Bg4 Nxb3 25. Rxc8 Nxd4 26. Rxe8+ Kh7 27. Ne3 Qc5 28. Bxe6 fxe6 29. Ng4 b4 30. Re3 a5 31. Re7 Kg8 32. Kh2 Kf8 33. Rb7 a4 34. Rg3 b3 35. axb3 a3 36. b4 Qc1 37. Rb8+ Ke7 38. Ne3 Ne2 39. Rb7+ Kd8 0-1

[Event "Chess.com Classic Play In"]
[Site "Chess.com INT"]
[Date "2025.05.19"]
[Round "7"]
[White "Rasulov, Vugar Ural Oglu"]
[Black "Martirosyan, Haik M"]
[Result "0-1"]
[WhiteElo "2485"]
[BlackElo "2635"]
[PlyCount "200"]
[EventDate "2025.05.19"]
[EventType "swiss (blitz)"]
[EventRounds "9"]
[EventCountry "USA"]
[SourceTitle "CB21_2025"]
[SourceDate "2025.05.21"]
[SourceVersion "1"]
[SourceVersionDate "2025.05.21"]
[SourceQuality "1"]

1. e4 c5 2. Nf3 Nc6 3. Bb5 e6 4. 0-0 Nge7 5. c3 a6 6. Ba4 b5 7. Bc2 Bb7 8. Re1 Rc8 9. a4 b4 10. d3 Ng6 11. Nbd2 Be7 12. Nf1 0-0 13. Ng3 d5 14. Bd2 bxc3 15. bxc3 d4 16. Rb1 dxc3 17. Bxc3 Nb4 18. Nh5 f6 19. Bb3 Qd7 20. Bc4 Kh8 21. Qb3 e5 22. Bxb4 cxb4 23. Be6 Qe8 24. Bxc8 Bxc8 25. h3 Bd7 26. Ra1 Bd6 27. Qd5 Qe7 28. Rec1 Rb8 29. Qa5 b3 30. Rab1 h6 31. Qxa6 Be6 32. Rc6 Rd8 33. a5 Nf8 34. Ng3 Ba3 35. Nf5 Qd7 36. d4 b2 37. Qb6 Bxf5 38. exf5 exd4 39. a6 d3 40. Qb7 Qxf5 41. a7 d2 42. Rd1 Kh7 43. Rb6 Qc2 44. Rxd2 Rxd2 45. Nxd2 Qxd2 46. a8Q Qc1+ 47. Kh2 Qf4+ 48. g3 Qxf2+ 49. Qg2 Qxb6 50. Qae4+ Kh8 51. Qb1 Qe3 52. h4 Qd4 53. Qge4 Qf2+ 54. Kh3 Bd6 55. Qed3 Be5 56. Qbc2 Qg1 57. Qb1 Qb6 58. Qa3 Qe6+ 59. Kh2 Qe8 60. Qad3 Qc8 61. Qe4 Qc1 62. Qed3 h5 63. Kg2 Qc6+ 64. Qf3 Qe8 65. Qff5 g6 66. Qfe4 Qd7 67. Qed3 Qc7 68. Qbc2 Qb7+ 69. Qe4 Qd7 70. Qb1 Kg7 71. Qed3 Qb7+ 72. Qf3 Qc7 73. Qfe4 Qc3 74. Qb7+ Kh8 75. Qf3 Qd2+ 76. Qf2 Qd7 77. Qfc2 Kg7 78. Qd3 Qf7 79. Qf3 Ne6 80. Qfd3 Nd4 81. Qxb2 Nf5 82. Qbc2 Bxg3 83. Qxf5 gxf5 84. Kxg3 Qg6+ 85. Kh2 Qg4 86. Qf2 f4 87. Qa7+ Kg6 88. Qf2 Qg3+ 89. Qxg3+ fxg3+ 90. Kxg3 Kf5 91. Kf3 Ke5 92. Ke3 f5 93. Kf3 f4 94. Kf2 Ke4 95. Ke2 Kf5 96. Kf2 Kg4 97. Kg2 Kxh4 98. Kh2 Kg5 99. Kg1 Kf5 100. Kf1 Ke4 0-1

[Event "Karshi op 3rd"]
[Site "Karshi"]
[Date "2025.05.05"]
[Round "1"]
[White "Karimov, Shakhrombek"]
[Black "Rasulov, Vugar Ural Oglu"]
[Result "0-1"]
[WhiteElo "2043"]
[BlackElo "2485"]
[PlyCount "60"]
[EventDate "2025.05.05"]
[EventType "swiss"]
[EventRounds "9"]
[EventCountry "UZB"]
[SourceTitle "CB20_2025"]
[SourceDate "2025.05.14"]
[SourceVersion "1"]
[SourceVersionDate "2025.05.14"]
[SourceQuality "1"]

1. e4 c5 2. Nf3 e6 3. d4 cxd4 4. Nxd4 Nc6 5. Nb5 d6 6. c4 a6 7. N5c3 Nf6 8. Be2 Be7 9. 0-0 0-0 10. Be3 b6 11. Nd2 Bb7 12. Qb3 Nd7 13. Na4 Rb8 14. Rab1 Ba8 15. Nc3 Nc5 16. Qd1 Bf6 17. Nb3 Qe7 18. f4 Rfd8 19. Bf3 b5 20. cxb5 axb5 21. e5 dxe5 22. Bxc5 Rxd1 23. Bxe7 Rxf1+ 24. Kxf1 Nxe7 25. Bxa8 Rxa8 26. Nxb5 exf4 27. Nc1 Nd5 28. b4 Rb8 29. a4 Nb6 30. a5 Nc4 0-1

[Event "Titled Tuesday intern op 01st Apr Late"]
[Site "Chess.com INT"]
[Date "2025.04.01"]
[Round "10"]
[White "Deac, Bogdan Daniel"]
[Black "Rasulov, Vugar Ural Oglu"]
[Result "1-0"]
[WhiteElo "2668"]
[BlackElo "2505"]
[PlyCount "59"]
[EventDate "2025.04.01"]
[EventType "swiss (blitz)"]
[EventRounds "11"]
[EventCountry "USA"]
[SourceTitle "CB21_2025"]
[SourceDate "2025.05.21"]
[SourceVersion "1"]
[SourceVersionDate "2025.05.21"]
[SourceQuality "1"]

1. Nf3 a6 2. e4 e6 3. d4 d5 4. Nc3 Nf6 5. Bd3 c5 6. exd5 exd5 7. Qe2+ Be7 8. dxc5 0-0 9. Bg5 h6 10. Bh4 Nc6 11. 0-0 Bg4 12. Rfe1 Bxc5 13. Bxf6 Qxf6 14. Nxd5 Qxb2 15. Qe4 f5 16. Qe6+ Kh7 17. Nh4 Nd4 18. Qg6+ Kh8 19. Reb1 Qa3 20. Rxb7 Ne6 21. Qxe6 Bxf2+ 22. Kxf2 Qc5+ 23. Kf1 Rfe8 24. Qf7 Qd4 25. Rab1 Rad8 26. R7b4 Qxd5 27. Qxd5 Rxd5 28. h3 Bh5 29. Rb8 g5 30. Nxf5 1-0

[Event "Titled Tuesday intern op 01st Apr Early"]
[Site "Chess.com INT"]
[Date "2025.04.01"]
[Round "10"]
[White "Erigaisi, Arjun Kumar"]
[Black "Rasulov, Vugar Ural Oglu"]
[Result "1-0"]
[WhiteElo "2777"]
[BlackElo "2505"]
[PlyCount "55"]
[EventDate "2025.04.01"]
[EventType "swiss (blitz)"]
[EventRounds "11"]
[EventCountry "USA"]
[SourceTitle "CB15_2025"]
[SourceDate "2025.04.09"]
[SourceVersion "1"]
[SourceVersionDate "2025.04.09"]
[SourceQuality "1"]

1. d4 a6 2. e4 e6 3. Nf3 d5 4. Nc3 Nf6 5. e5 Nfd7 6. Bf4 c5 7. dxc5 Nc6 8. a3 Nxc5 9. b4 Nd7 10. Bd3 Be7 11. h4 h6 12. Kf1 0-0 13. Qd2 f6 14. Bxh6 Ndxe5 15. Rh3 Nxf3 16. gxf3 f5 17. Rg3 Bf6 18. Re1 Kf7 19. Bg5 Rh8 20. Na4 Bxg5 21. hxg5 g6 22. f4 Qd6 23. Nb6 Rb8 24. Kg2 e5 25. fxe5 Nxe5 26. Qf4 Nc4 27. Qd4 Rd8 28. Nxc4 1-0

[Event "Titled Tuesday intern op 01st Apr Late"]
[Site "Chess.com INT"]
[Date "2025.04.01"]
[Round "1"]
[White "Holinka, Henning"]
[Black "Rasulov, Vugar Ural Oglu"]
[Result "0-1"]
[WhiteElo "2292"]
[BlackElo "2505"]
[PlyCount "72"]
[EventDate "2025.04.01"]
[EventType "swiss (blitz)"]
[EventRounds "11"]
[EventCountry "USA"]
[SourceTitle "CB21_2025"]
[SourceDate "2025.05.21"]
[SourceVersion "1"]
[SourceVersionDate "2025.05.21"]
[SourceQuality "1"]

1. Nf3 Nf6 2. g3 g6 3. Bg2 Bg7 4. 0-0 0-0 5. d4 d6 6. c4 Nc6 7. Nc3 a6 8. e4 Bg4 9. d5 Ne5 10. Qe2 c5 11. Bf4 Nfd7 12. Rac1 b5 13. cxb5 axb5 14. a3 b4 15. axb4 cxb4 16. Nb5 Qb6 17. Nbd4 Ra2 18. h3 Bxf3 19. Nxf3 Rxb2 20. Nxe5 Bxe5 21. Qf3 Bxf4 22. Qxf4 Ne5 23. Rb1 Rxb1 24. Rxb1 b3 25. Qd2 Rb8 26. Kh2 b2 27. f4 Nc4 28. Qd3 Qb3 29. Bf1 Qxd3 30. Bxd3 Na3 31. Re1 b1Q 32. Bxb1 Rxb1 33. Re2 Nc4 34. e5 Rb2 35. Rxb2 Nxb2 36. exd6 exd6 0-1

[Event "Titled Tuesday intern op 01st Apr Early"]
[Site "Chess.com INT"]
[Date "2025.04.01"]
[Round "7"]
[White "Kalogeris, Ioannis"]
[Black "Rasulov, Vugar Ural Oglu"]
[Result "0-1"]
[WhiteElo "2454"]
[BlackElo "2505"]
[PlyCount "98"]
[EventDate "2025.04.01"]
[EventType "swiss (blitz)"]
[EventRounds "11"]
[EventCountry "USA"]
[SourceTitle "CB15_2025"]
[SourceDate "2025.04.09"]
[SourceVersion "1"]
[SourceVersionDate "2025.04.09"]
[SourceQuality "1"]

1. e4 a6 2. d3 e5 3. Nf3 Nc6 4. Be2 Nf6 5. 0-0 Bc5 6. Nc3 h6 7. Be3 d6 8. h3 0-0 9. Re1 Nd4 10. Bf1 Re8 11. Bxd4 Bxd4 12. Nxd4 exd4 13. Ne2 c5 14. c4 b5 15. Ng3 bxc4 16. dxc4 Rb8 17. b3 a5 18. Bd3 a4 19. Bc2 Qa5 20. Qd3 g6 21. f4 Nd7 22. h4 h5 23. Rab1 axb3 24. axb3 Ra8 25. e5 dxe5 26. f5 Ra6 27. fxg6 Rxg6 28. Qf3 Ree6 29. Bxg6 Rxg6 30. Nf5 Qd8 31. Qxh5 Nf6 32. Qf3 e4 33. Qf4 e3 34. Ra1 Bxf5 35. Qxf5 Qd6 36. Ra8+ Kg7 37. Qc8 Kh6 38. Qh8+ Nh7 39. Qb8 Qxb8 40. Rxb8 Nf6 41. Rc8 Ne4 42. Rh8+ Kg7 43. Re8 Nd2 44. b4 Nf3+ 45. Kf1 Nxe1 46. Kxe1 cxb4 47. Re4 b3 48. Rxd4 b2 49. Rd1 Rxg2 0-1

[Event "Titled Tuesday intern op 01st Apr Late"]
[Site "Chess.com INT"]
[Date "2025.04.01"]
[Round "4"]
[White "Rasulov, Vugar Ural Oglu"]
[Black "Ahmad, Khagan"]
[Result "0-1"]
[WhiteElo "2505"]
[BlackElo "2405"]
[PlyCount "136"]
[EventDate "2025.04.01"]
[EventType "swiss (blitz)"]
[EventRounds "11"]
[EventCountry "USA"]
[SourceTitle "CB15_2025"]
[SourceDate "2025.04.09"]
[SourceVersion "1"]
[SourceVersionDate "2025.04.09"]
[SourceQuality "1"]

1. d4 Nf6 2. Nf3 d5 3. c3 c5 4. dxc5 Qc7 5. g3 Qxc5 6. Bg2 g6 7. 0-0 Bg7 8. Bf4 0-0 9. Nbd2 Nc6 10. Qa4 Bd7 11. Be3 Qa5 12. Qh4 Ng4 13. Nb3 Qc7 14. Bd2 e5 15. h3 Nf6 16. Bh6 Be6 17. Rad1 Qe7 18. Bg5 Rad8 19. Nfd2 a5 20. a4 e4 21. Nd4 Nxd4 22. cxd4 Bd7 23. Rc1 Rc8 24. Nb3 b6 25. Nd2 Bxa4 26. Nb1 Qe6 27. Nc3 Bc6 28. Bh6 Rfe8 29. Bxg7 Kxg7 30. g4 b5 31. e3 h5 32. g5 Nh7 33. Qg3 b4 34. Ne2 Bb5 35. Nf4 Qf5 36. Rfe1 Nxg5 37. h4 Nf3+ 38. Bxf3 exf3 39. Qxf3 Bc4 40. Kh2 Qg4 41. Qxg4 hxg4 42. Ra1 Ra8 43. Kg3 f5 44. Ra4 Bb5 45. Raa1 Bc4 46. Ra4 Kf7 47. Rc1 Re7 48. Rca1 Rea7 49. Rc1 Bb3 50. Raa1 a4 51. Nd3 a3 52. bxa3 bxa3 53. Ne5+ Kg7 54. Rc6 Ra6 55. Rc7+ Kg8 56. h5 gxh5 57. Kh4 R6a7 58. Rc6 a2 59. Kxh5 Rg7 60. Kh4 Bc4 61. Kg3 Rh7 62. Kf4 Rh5 63. Rc7 Rh2 64. Nxg4 fxg4 65. Kg3 Rh7 66. Rc6 Rb8 67. Rg6+ Rg7 68. Rd6 Rb1 0-1

[Event "Titled Tuesday intern op 01st Apr Early"]
[Site "Chess.com INT"]
[Date "2025.04.01"]
[Round "2"]
[White "Rasulov, Vugar Ural Oglu"]
[Black "Antonio, Rogelio Jr"]
[Result "1-0"]
[WhiteElo "2505"]
[BlackElo "2363"]
[PlyCount "73"]
[EventDate "2025.04.01"]
[EventType "swiss (blitz)"]
[EventRounds "11"]
[EventCountry "USA"]
[SourceTitle "CB15_2025"]
[SourceDate "2025.04.09"]
[SourceVersion "1"]
[SourceVersionDate "2025.04.09"]
[SourceQuality "1"]

1. d4 Nf6 2. Nf3 e6 3. g3 b6 4. Bg2 Bb7 5. 0-0 c5 6. c4 cxd4 7. Qxd4 d6 8. Nc3 a6 9. Bg5 Nbd7 10. Rad1 Qc7 11. b3 Rc8 12. Rc1 Be7 13. Rfd1 0-0 14. Qd2 Rfe8 15. Bf4 e5 16. Bg5 Qb8 17. Nh4 Bxg2 18. Nxg2 b5 19. cxb5 axb5 20. Bxf6 Nxf6 21. Ne3 Bf8 22. Qd3 b4 23. Ncd5 Nd7 24. Nf5 Nc5 25. Qf3 Re6 26. Rc4 Qa8 27. Nxb4 e4 28. Qe3 Qa3 29. Nd5 Qxa2 30. Qc3 e3 31. Nfxe3 Qxe2 32. Qc2 Qf3 33. b4 Ne4 34. Rxc8 Ng5 35. Qf5 Qh5 36. Kg2 Re5 37. Qg4 1-0

[Event "Titled Tuesday intern op 01st Apr Early"]
[Site "Chess.com INT"]
[Date "2025.04.01"]
[Round "1"]
[White "Terletsky, Oleg"]
[Black "Rasulov, Vugar Ural Oglu"]
[Result "0-1"]
[WhiteElo "2160"]
[BlackElo "2505"]
[PlyCount "102"]
[EventDate "2025.04.01"]
[EventType "swiss (blitz)"]
[EventRounds "11"]
[EventCountry "USA"]
[SourceTitle "CB15_2025"]
[SourceDate "2025.04.09"]
[SourceVersion "1"]
[SourceVersionDate "2025.04.09"]
[SourceQuality "1"]

1. e4 c5 2. Nf3 d6 3. d4 cxd4 4. Nxd4 Nf6 5. Nc3 a6 6. Bc4 e6 7. 0-0 Nbd7 8. Bxe6 fxe6 9. Nxe6 Qa5 10. Nd5 Kf7 11. b4 Qa4 12. Ndc7 Rb8 13. Rb1 h6 14. f4 Qc6 15. Nd8+ Kg8 16. Nxc6 bxc6 17. Ne6 Be7 18. a3 Kf7 19. f5 Ne5 20. Bf4 Bxe6 21. fxe6+ Kxe6 22. Bxe5 dxe5 23. Qd3 Kf7 24. Qc4+ Kg6 25. Rf3 Rhf8 26. Rbf1 Kh7 27. Qxc6 Rbc8 28. Qb7 Bd8 29. Qxa6 Rxc2 30. Qe6 Rd2 31. h3 Rd4 32. Kh2 Kh8 33. Qf5 Rg8 34. Qg6 Rd6 35. b5 Rf8 36. a4 Kg8 37. a5 Bxa5 38. Qf5 Bc7 39. Kh1 Rb6 40. Qg6 Bd8 41. Rf5 Rxb5 42. Qg3 Rb4 43. Qd3 Kh7 44. Qc3 Rxe4 45. Rxe5 Rxe5 46. Qxe5 Re8 47. Qf5+ Kg8 48. Qf3 Bc7 49. Qb3+ Kh8 50. Rxf6 gxf6 51. Qf7 Re1# 0-1

[Event "Titled Tuesday intern op 25th Mar Early"]
[Site "Chess.com INT"]
[Date "2025.03.25"]
[Round "3"]
[White "Rasulov, Vugar Ural Oglu"]
[Black "Bolourchifard, Farzad"]
[Result "1-0"]
[WhiteElo "2505"]
[BlackElo "2292"]
[PlyCount "95"]
[EventDate "2025.03.25"]
[EventType "swiss (blitz)"]
[EventRounds "11"]
[EventCountry "USA"]
[SourceTitle "CB14_2025"]
[SourceDate "2024.11.01"]
[SourceVersion "1"]
[SourceVersionDate "2024.11.01"]
[SourceQuality "1"]

1. d4 Nf6 2. Nf3 e6 3. g3 b6 4. Bg2 Bb7 5. c4 Be7 6. 0-0 0-0 7. Nc3 Ne4 8. Qc2 f5 9. Ne5 d5 10. cxd5 exd5 11. Bf4 g5 12. Be3 Nd7 13. Nxe4 dxe4 14. Nc6 Bxc6 15. Qxc6 f4 16. Bd2 Nf6 17. Bxe4 Qxd4 18. Qe6+ Rf7 19. Bxa8 Qxd2 20. Rad1 Qxb2 21. Bd5 Nxd5 22. Rxd5 Qf6 23. Qxf6 Bxf6 24. gxf4 gxf4 25. Kg2 Re7 26. Kf3 Be5 27. Rd8+ Kf7 28. Rg1 Bd6 29. Rg5 a5 30. a4 Kf6 31. h4 h6 32. Rf8+ Ke6 33. Rg6+ Kd5 34. Rxh6 Kc4 35. h5 Kb3 36. Rhf6 Kxa4 37. h6 Kb3 38. R6f7 Rxf7 39. Rxf7 Be5 40. Ke4 Bb2 41. Rxc7 b5 42. Rc5 Kb4 43. Re5 a4 44. h7 a3 45. h8Q a2 46. Qf8+ Ka4 47. Qa8+ Kb3 48. Rxb5+ 1-0

[Event "Titled Tuesday intern op 25th Mar Early"]
[Site "Chess.com INT"]
[Date "2025.03.25"]
[Round "10"]
[White "Rasulov, Vugar Ural Oglu"]
[Black "Bortnyk, Olexandr"]
[Result "0-1"]
[WhiteElo "2505"]
[BlackElo "2601"]
[PlyCount "126"]
[EventDate "2025.03.25"]
[EventType "swiss (blitz)"]
[EventRounds "11"]
[EventCountry "USA"]
[SourceTitle "CB14_2025"]
[SourceDate "2024.11.01"]
[SourceVersion "1"]
[SourceVersionDate "2024.11.01"]
[SourceQuality "1"]

1. Nf3 Nf6 2. c4 b6 3. g3 Bb7 4. Bg2 g6 5. d4 Bg7 6. 0-0 0-0 7. h4 e6 8. Nc3 d5 9. cxd5 exd5 10. Bg5 h6 11. Bf4 Qe7 12. Rc1 Na6 13. Ne5 Rfd8 14. Qa4 Qe6 15. Rfd1 c5 16. e3 Ne4 17. Nxe4 dxe4 18. Kh2 Nb4 19. dxc5 Rxd1 20. Rxd1 bxc5 21. Nd7 Bc6 22. Qa5 Bxd7 23. Qxc5 a5 24. Rd6 Bf8 25. Rxe6 Bxc5 26. Rxe4 Bc6 27. Rxb4 axb4 28. Bxc6 Rxa2 29. Be5 Bf8 30. Kg2 Bg7 31. Bxg7 Kxg7 32. b3 Rd2 33. e4 f5 34. exf5 gxf5 35. Bb5 Kf6 36. Bc4 Rc2 37. Bg8 f4 38. gxf4 Rc3 39. f3 Kf5 40. Kg3 Rc7 41. Bd5 Rg7+ 42. Kf2 Kxf4 43. Ke2 Rd7 44. Be4 Rd4 45. Bg6 Kg3 46. h5 Kf4 47. Bf7 Rd6 48. Bc4 Rc6 49. Kd3 Ke5 50. Ke3 Rf6 51. Bd3 Kd5 52. f4 Re6+ 53. Kf3 Kd4 54. Bc4 Re3+ 55. Kg4 Ke4 56. Bb5 Rc3 57. Ba4 Rc1 58. Kg3 Rg1+ 59. Kf2 Rg7 60. f5 Kxf5 61. Ke3 Ke5 62. Kd3 Rg4 63. Bd7 Rd4+ 0-1